[Event "BL 1112 Hamburger SK - SV Mülheim Nord"]
[Site "Hamburg"]
[Date "2012.03.17"]
[Round "12.4"]
[White "Hansen, Sune Berg"]
[Black "Tregubov, Pavel V"]
[Result "1/2-1/2"]
[WhiteElo "2566"]
[BlackElo "2602"]
[PlyCount "174"]
[EventDate "2011.10.14"]

1. e4 c5 2. Nf3 e6 3. c3 d5 4. d3 Nc6 5. Qe2 Nge7 6. g3 g6 7. Bg2 d4 8. e5 dxc3
9. bxc3 Bg7 10. O-O O-O 11. Na3 b6 12. Nc2 Bb7 13. Re1 Qd7 14. Bf4 Nd5 15. Bd2
Rad8 16. Rad1 Qc7 17. h4 h6 18. c4 Nde7 19. Bc3 Rd7 20. Rb1 Rfd8 21. Red1 h5
22. Kh2 Nf5 23. Rd2 a6 24. Kg1 Ncd4 25. Bxd4 Bxf3 26. Bxf3 Nxd4 27. Nxd4 Rxd4
28. Re1 b5 29. cxb5 axb5 30. Rb2 Qa5 31. Reb1 b4 32. Rb3 Qc7 33. Re1 c4 34.
dxc4 Rd2 35. Qe3 Bf8 36. Re2 Rd1+ 37. Kg2 Qxc4 38. Qg5 R8d7 39. Rbb2 Be7 40.
Qh6 Bf8 41. Qg5 Be7 42. Qh6 Rc1 43. Rbd2 Rxd2 44. Qxd2 Kg7 45. Be4 Rc3 46. Kh2
Bc5 47. Bg2 Ra3 48. Qc2 Qa6 49. Rd2 Qa7 50. Re2 Bd4 51. Qd2 Bc3 52. Qc2 Qa5 53.
Be4 Bxe5 54. Kg2 Rc3 55. Qd1 Qc5 56. Rc2 Bd4 57. Qe2 f5 58. Rxc3 bxc3 59. Bd3
e5 60. f3 Qa3 61. Qc2 Bb6 62. Kh3 Qc5 63. Qe2 Kf6 64. Bc2 Qg1 65. Qd1 Qxd1 66.
Bxd1 e4 67. fxe4 fxe4 68. Kg2 Ke5 69. Bc2 Kd4 70. Kf2 Bc7 71. a4 Ke5 72. Kg2
Bb6 73. Kf1 Kd4 74. Ke2 Ba5 75. Bb1 Bc7 76. Kf2 e3+ 77. Ke2 Bxg3 78. Bxg6 Bxh4
79. Kd1 c2+ 80. Bxc2 Bd8 81. Ke2 h4 82. Bf5 Bb6 83. Kf3 Kc3 84. Bh3 Kd2 85. Bf1
Bc7 86. Kg4 Bd8 87. a5 Bxa5 1/2-1/2

[Event "BL 1112 Hamburger SK - SV Mülheim Nord"]
[Site "Hamburg"]
[Date "2012.03.17"]
[Round "12.5"]
[White "Feygin, Michael"]
[Black "Huschenbeth, Niclas"]
[Result "1-0"]
[WhiteElo "2521"]
[BlackElo "2510"]
[PlyCount "97"]
[EventDate "2011.10.14"]

1. e4 e5 2. Nf3 Nc6 3. Bb5 Nge7 4. c3 g6 5. d4 exd4 6. cxd4 a6 7. Ba4 b5 8. Bb3
Bg7 9. Nc3 O-O 10. a3 d6 11. h3 Na5 12. Ba2 c5 13. dxc5 dxc5 14. Qxd8 Rxd8 15.
Be3 Nb7 16. Bg5 Re8 17. O-O-O c4 18. Be3 Na5 19. Bb6 Nac6 20. Bc5 Be6 21. Rhe1
Ne5 22. Nxe5 Bxe5 23. Be3 Rad8 24. f4 Bc7 25. Bb1 f6 26. Bc2 Kf7 27. g4 Rxd1+
28. Rxd1 Rd8 29. Rf1 Bd7 30. e5 f5 31. g5 Bc6 32. Bc5 Nd5 33. Ne2 Bb6 34. Bxb6
Nxb6 35. h4 a5 36. h5 b4 37. h6 b3 38. Rd1 Rc8 39. Rd6 Na4 40. Nd4 Be8 41. Bxf5
gxf5 42. Nxf5 Rc6 43. g6+ hxg6 44. h7 c3 45. e6+ Kf6 46. h8=Q+ Kxf5 47. Qe5+
Kg4 48. Qg5+ Kf3 49. Qd5+ 1-0

[Event "BL 1112 Hamburger SK - SV Mülheim Nord"]
[Site "Hamburg"]
[Date "2012.03.17"]
[Round "12.6"]
[White "Ftacnik, Lubomir Dr"]
[Black "Hausrath, Daniel"]
[Result "1-0"]
[WhiteElo "2570"]
[BlackElo "2507"]
[PlyCount "103"]
[EventDate "2011.10.14"]

1. Nf3 c5 2. c4 g6 3. Nc3 Bg7 4. g3 Nc6 5. Bg2 d6 6. O-O Nh6 7. e3 Nf5 8. b3 h5
9. Bb2 h4 10. Rb1 hxg3 11. hxg3 Bd7 12. Re1 Kf8 13. Ne2 Bxb2 14. Rxb2 e5 15.
Nc3 Qf6 16. Qb1 Re8 17. d3 Qg7 18. Ne4 b6 19. a3 a5 20. b4 axb4 21. axb4 cxb4
22. Rxb4 Nxb4 23. Qxb4 f6 24. g4 Nh4 25. Qxd6+ Qe7 26. Qxf6+ Qxf6 27. Nxf6
Nxf3+ 28. Bxf3 Re7 29. Rb1 Kg7 30. Rxb6 Be6 31. Nd5 Bxd5 32. Bxd5 Rh4 33. Bf3
Ra7 34. Kg2 Ra1 35. Re6 Rhh1 36. Be4 Rag1+ 37. Kf3 Rh3+ 38. Ke2 Rxg4 39. Rxe5
Rg1 40. Ra5 Rh8 41. Ra7+ Kf6 42. Ra6+ Kf7 43. c5 Rb1 44. Bxg6+ Kg7 45. Bf5 Rb2+
46. Kf3 Rh5 47. e4 Rh2 48. c6 Rhxf2+ 49. Ke3 Rbc2 50. Kd4 Kf8 51. Ke5 Rf3 52.
Kf6 1-0

[Event "BL 1112 Hamburger SK - SV Mülheim Nord"]
[Site "Hamburg"]
[Date "2012.03.17"]
[Round "12.7"]
[White "Levin, Felix"]
[Black "Rogozenco, Dorian"]
[Result "1/2-1/2"]
[WhiteElo "2482"]
[BlackElo "2552"]
[PlyCount "89"]
[EventDate "2011.10.14"]

1. Nf3 c5 2. c4 Nc6 3. d4 cxd4 4. Nxd4 e6 5. Nc3 Bc5 6. Nb3 Be7 7. e4 Nf6 8.
Be2 O-O 9. O-O d6 10. Be3 b6 11. Nd4 Bb7 12. Nxc6 Bxc6 13. f3 Qb8 14. Qb3 Bd8
15. Kh1 Re8 16. Rfd1 d5 17. exd5 exd5 18. Bf2 Qb7 19. c5 Re6 20. cxb6 Bxb6 21.
Bxb6 axb6 22. Bb5 Re3 23. Qb4 Rae8 24. Rac1 Bxb5 25. Nxb5 h6 26. Nd4 g6 27. Kg1
Kg7 28. Qb5 Nh5 29. Qb4 Qb8 30. Nc6 Qf4 31. Qd4+ Qxd4 32. Nxd4 Nf4 33. Rd2 Nd3
34. Rf1 Nf4 35. g3 Ne2+ 36. Nxe2 Rxe2 37. Rf2 Rxd2 38. Rxd2 Rd8 39. Kf2 Kf6 40.
Ke3 Ke5 41. Rc2 Kd6 42. a4 Re8+ 43. Kd2 d4 44. Rc4 Kd5 45. Rb4 1/2-1/2

[Event "BL 1112 Hamburger SK - SV Mülheim Nord"]
[Site "Hamburg"]
[Date "2012.03.17"]
[Round "12.8"]
[White "Mueller, Karsten Dr"]
[Black "Saltaev, Mihail"]
[Result "1/2-1/2"]
[WhiteElo "2534"]
[BlackElo "2484"]
[PlyCount "48"]
[EventDate "2011.10.14"]

1. e4 c6 2. Nf3 d5 3. exd5 cxd5 4. Ne5 Nc6 5. d4 e6 6. c3 Bd6 7. f4 Nge7 8. Bd3
O-O 9. Qc2 g6 10. Nd2 f6 11. Nxc6 bxc6 12. Nb3 Qc7 13. O-O e5 14. fxe5 fxe5 15.
Rxf8+ Kxf8 16. g3 e4 17. Bf1 Nf5 18. Qf2 Kg8 19. Nc5 Qe7 20. Be3 a5 21. Re1 Rb8
22. Bc1 Ng7 23. Be3 Bg4 24. Qd2 Nf5 1/2-1/2

[Event "BL 1112 Schachfr. Berlin - SF Katernberg"]
[Site "Hamburg"]
[Date "2012.03.17"]
[Round "12.1"]
[White "Negi, Parimarjan"]
[Black "Melkumyan, Hrant"]
[Result "1-0"]
[WhiteElo "2631"]
[BlackElo "2619"]
[PlyCount "103"]
[EventDate "2011.10.14"]

1. e4 e5 2. Nf3 Nc6 3. d4 exd4 4. Nxd4 Bc5 5. Nb3 Bb4+ 6. Nc3 Nf6 7. Bd3 O-O 8.
O-O Re8 9. Bg5 Bxc3 10. bxc3 h6 11. Bh4 g5 12. Bg3 d5 13. exd5 Qxd5 14. c4 Qd8
15. h3 Ne4 16. Bh2 Bf5 17. f4 Bg6 18. f5 Bh7 19. Qh5 Qf6 20. Bxc7 Re7 21. Bxe4
Rxe4 22. Rad1 Rh4 23. Qe2 Qe7 24. Qxe7 Nxe7 25. Nd4 Rc8 26. Bd6 Rxd4 27. Rxd4
Nxf5 28. Rd3 Nxd6 29. Rxd6 Rc7 30. c3 Bg6 31. Rd4 Kg7 32. g4 b6 33. Re1 Rc5 34.
Re7 Ra5 35. Rdd7 Ra3 36. Rxa7 Rxc3 37. Reb7 Rxh3 38. Kf2 Rc3 39. Ra4 Bc2 40.
Rb4 Bd1 41. R7xb6 Bxg4 42. a4 Be6 43. a5 Ra3 44. a6 g4 45. c5 h5 46. c6 h4 47.
c7 g3+ 48. Ke2 g2 49. Kf2 h3 50. Rxe6 Rg3 51. Re1 h2 52. Rbb1 1-0

[Event "BL 1112 Schachfr. Berlin - SF Katernberg"]
[Site "Hamburg"]
[Date "2012.03.17"]
[Round "12.2"]
[White "Kraemer, Martin"]
[Black "Bischoff, Klaus"]
[Result "1-0"]
[WhiteElo "2492"]
[BlackElo "2547"]
[PlyCount "80"]
[EventDate "2011.10.14"]

1. d4 g6 2. e4 Bg7 3. Nc3 d6 4. Be3 a6 5. a4 b6 6. Nf3 e6 7. Bd3 Ne7 8. Qd2 h6
9. Ne2 Nd7 10. O-O Bb7 11. Rfe1 Nf6 12. Ng3 Ng4 13. c3 O-O 14. h3 Nxe3 15. Qxe3
c5 16. h4 cxd4 17. cxd4 Nc6 18. h5 g5 19. d5 Nb4 20. Qd2 a5 21. Bc4 Rc8 22.
Rac1 exd5 23. exd5 Qf6 24. Ne4 Qxb2 25. Nxd6 Qxd2 26. Nxd2 Rc7 27. Nxb7 Rxb7
28. d6 Bb2 29. Rcd1 Nc2 30. Re4 Na3 31. Bb3 Rd7 32. Nf1 Rfd8 33. Re7 Rxd6 34.
Rxd6 Rxd6 35. Rxf7 Kh8 36. Ne3 Rf6 37. Rd7 b5 38. Nd5 Rc6 39. Ne7 Rc1+ 40. Kh2
Kg7 1-0

[Event "BL 1112 Schachfr. Berlin - SF Katernberg"]
[Site "Hamburg"]
[Date "2012.03.17"]
[Round "12.3"]
[White "Firman, Nazar"]
[Black "Antoniewski, Rafal"]
[Result "1-0"]
[WhiteElo "2517"]
[BlackElo "2585"]
[PlyCount "63"]
[EventDate "2011.10.14"]

1. e4 c6 2. d4 d5 3. e5 Bf5 4. g4 Bd7 5. c3 Qb6 6. a4 a5 7. Na3 Na6 8. Nh3 e6
9. Nf4 O-O-O 10. Nd3 h5 11. gxh5 Ne7 12. Bg5 Re8 13. b4 axb4 14. a5 Qa7 15.
Nxb4 Nxb4 16. cxb4 Nf5 17. Nc2 f6 18. a6 b5 19. Bf4 g5 20. hxg6 Rh4 21. Bg3
Rxd4 22. Bd3 Rxd3 23. Qxd3 Bg7 24. Qe2 Nxg3 25. hxg3 fxe5 26. Rh7 Re7 27. Qe3
Kb8 28. Qg5 Bc8 29. Ra3 e4 30. Nd4 Rc7 31. Rxg7 Qxd4 32. a7+ 1-0

[Event "BL 1112 Schachfr. Berlin - SF Katernberg"]
[Site "Hamburg"]
[Date "2012.03.17"]
[Round "12.4"]
[White "Lauber, Arnd"]
[Black "Kotainy, Jens"]
[Result "1-0"]
[WhiteElo "2464"]
[BlackElo "2406"]
[PlyCount "71"]
[EventDate "2011.10.14"]

1. d4 e6 2. c4 f5 3. g3 Nf6 4. Bg2 d5 5. Nh3 c6 6. O-O Bd6 7. Bf4 O-O 8. Nc3 b6
9. Qc2 Qe7 10. Rac1 Ne4 11. Bxd6 Qxd6 12. f3 Nxc3 13. Qxc3 dxc4 14. Qxc4 Ba6
15. Qc3 Nd7 16. Qxc6 Qxd4+ 17. Nf2 Nc5 18. Rfd1 Qe3 19. Rc3 Qxe2 20. Bf1 Qxb2
21. Rxc5 bxc5 22. Qxe6+ Kh8 23. Qxa6 Rac8 24. Bc4 Qb6 25. Qa4 Rcd8 26. Rd7 a5
27. Qd1 Qf6 28. f4 Rfe8 29. Qd5 Rb8 30. Rf7 Qc3 31. Rxf5 Rb1+ 32. Kg2 Qe1 33.
Re5 Qg1+ 34. Kh3 Reb8 35. Qf7 Re1 36. Rg5 1-0

[Event "BL 1112 Schachfr. Berlin - SF Katernberg"]
[Site "Hamburg"]
[Date "2012.03.17"]
[Round "12.5"]
[White "Glek, Igor V"]
[Black "Schneider, Ilja"]
[Result "1/2-1/2"]
[WhiteElo "2408"]
[BlackElo "2472"]
[PlyCount "150"]
[EventDate "2011.10.14"]

1. e4 c6 2. c4 d5 3. cxd5 cxd5 4. exd5 Nf6 5. Nc3 Nxd5 6. Nf3 Nc6 7. Bb5 e6 8.
O-O Be7 9. d4 O-O 10. Re1 Bd7 11. Bd3 Rc8 12. Nxd5 exd5 13. Ne5 Bf6 14. Bf4 g6
15. Qb3 Na5 16. Qb4 Be6 17. Rac1 Qb6 18. Qxb6 axb6 19. Bb5 Nc6 20. Bxc6 Bxe5
21. Bxe5 Rxc6 22. Rxc6 bxc6 23. Bc7 Ra8 24. a3 Ra6 25. Rc1 Bd7 26. Rc3 Kg7 27.
f3 g5 28. Kf2 Kg6 29. Rb3 c5 30. Rxb6+ Rxb6 31. Bxb6 c4 32. Ke3 Kf5 33. Kd2 Ke6
34. Kc3 Kd6 35. Bd8 g4 36. fxg4 Bxg4 37. a4 Bd7 38. Kb4 Bc8 39. Bf6 Kc6 40. Bg7
Bd7 41. Bf8 Bc8 42. Bh6 Bd7 43. Bg5 Bc8 44. Bd2 Bd7 45. Be1 Bc8 46. Kc3 Bd7 47.
Kc2 Kd6 48. a5 Bc8 49. Kd2 Ke6 50. Ke3 Kf5 51. Kf3 Kg5 52. Bd2+ Kf5 53. g4+ Ke6
54. Kf4 f6 55. h4 Kf7 56. h5 Ba6 57. Kf3 Bc8 58. Bb4 Ba6 59. Bd6 Ke6 60. Bc7
Kd7 61. Bb6 Ke6 62. Bd8 Bc8 63. Kf4 Ba6 64. g5 fxg5+ 65. Kxg5 Kd7 66. Kh6 c3
67. bxc3 Bd3 68. a6 Bxa6 69. Kxh7 Kxd8 70. Kg6 Ke7 71. h6 Bd3+ 72. Kg7 Bh7 73.
Kxh7 Kf7 74. Kh8 Kf8 75. Kh7 Kf7 1/2-1/2

[Event "BL 1112 Schachfr. Berlin - SF Katernberg"]
[Site "Hamburg"]
[Date "2012.03.17"]
[Round "12.6"]
[White "Polzin, Rainer"]
[Black "Thesing, Matthias"]
[Result "1/2-1/2"]
[WhiteElo "2469"]
[BlackElo "2404"]
[PlyCount "79"]
[EventDate "2011.10.14"]

1. e4 c5 2. Nf3 e6 3. d4 cxd4 4. Nxd4 a6 5. Nc3 Qc7 6. Be2 b5 7. O-O Bb7 8. Re1
Nc6 9. Nxc6 dxc6 10. e5 Rd8 11. Bd3 c5 12. Qe2 c4 13. Be4 Bxe4 14. Nxe4 Qxe5
15. Qf3 f5 16. Bg5 fxe4 17. Bxd8 exf3 18. Rxe5 Kxd8 19. Rxe6 Nf6 20. Rxa6 Kc7
21. a4 b4 22. Ra8 Kb7 23. Rd8 g5 24. Re1 Rg8 25. Re5 g4 26. Rb5+ Ka7 27. Rf5
Be7 28. Rxg8 Nxg8 29. Rf7 Kb6 30. Rg7 Bf6 31. Rxg8 Bxb2 32. Rxg4 Kc5 33. Rg5+
Kd4 34. a5 b3 35. cxb3 c3 36. Rg4+ Kd3 37. Rc4 c2 38. Rxc2 Kxc2 39. a6 Bd4 40.
gxf3 1/2-1/2

[Event "BL 1112 Schachfr. Berlin - SF Katernberg"]
[Site "Hamburg"]
[Date "2012.03.17"]
[Round "12.7"]
[White "Ris, Robert"]
[Black "Thiede, Lars"]
[Result "1/2-1/2"]
[WhiteElo "2403"]
[BlackElo "2458"]
[PlyCount "66"]
[EventDate "2011.10.14"]

1. d4 Nf6 2. c4 g6 3. Nc3 Bg7 4. e4 d6 5. Nf3 O-O 6. h3 c6 7. Bg5 a6 8. a3 b5
9. Rc1 Nbd7 10. Qd2 Bb7 11. Bd3 bxc4 12. Bxc4 d5 13. Bd3 c5 14. exd5 cxd4 15.
Nxd4 Ne5 16. Be2 Nxd5 17. O-O Nxc3 18. bxc3 Qd5 19. f3 Rfe8 20. Rb1 Rac8 21.
Rb4 Nc4 22. Qa2 Nd6 23. Qxd5 Bxd5 24. Bxa6 Rxc3 25. Nb5 Nxb5 26. Bxb5 Rec8 27.
Bxe7 Rxa3 28. Rd1 Be6 29. Bc4 Bxc4 30. Rxc4 Raa8 31. Rxc8+ Rxc8 32. Rd8+ Rxd8
33. Bxd8 f5 1/2-1/2

[Event "BL 1112 Schachfr. Berlin - SF Katernberg"]
[Site "Hamburg"]
[Date "2012.03.17"]
[Round "12.8"]
[White "Abel, Dennes"]
[Black "Scholz, Christian"]
[Result "1-0"]
[WhiteElo "2427"]
[BlackElo "2387"]
[PlyCount "81"]
[EventDate "2011.10.14"]

1. c4 Nf6 2. Nc3 g6 3. g3 Bg7 4. Bg2 O-O 5. e4 c5 6. Nge2 Nc6 7. O-O Ne8 8. a3
Nc7 9. b4 d6 10. Rb1 Ne6 11. d3 Ned4 12. Be3 Bg4 13. f3 Bc8 14. Qd2 b6 15. f4
Nxe2+ 16. Nxe2 Bg4 17. Nc3 Bd7 18. f5 Ne5 19. h3 h5 20. Rf2 Kh7 21. Rbf1 Bc6
22. Nd5 Bxd5 23. exd5 Qd7 24. Be4 Rac8 25. Qe2 Kg8 26. b5 a6 27. a4 axb5 28.
axb5 Ra8 29. g4 Ra3 30. Bc1 Ra1 31. gxh5 gxf5 32. h6 Rxc1 33. Rxc1 Bxh6 34.
Bxf5 e6 35. Qh5 exf5 36. Qxh6 Ng6 37. Rcf1 f4 38. Rxf4 Nxf4 39. Rxf4 f5 40. Rf2
Kf7 41. Rg2 1-0

[Event "BL 1112 OSG Baden-Baden - Turm Emsdetten"]
[Site "Bremen"]
[Date "2012.03.18"]
[Round "13.1"]
[White "Giri, Anish"]
[Black "Anand, Viswanathan"]
[Result "1/2-1/2"]
[WhiteElo "2722"]
[BlackElo "2817"]
[PlyCount "43"]
[EventDate "2011.10.14"]

1. d4 Nf6 2. c4 e6 3. Nf3 b6 4. g3 Ba6 5. b3 Bb4+ 6. Bd2 Be7 7. Bg2 c6 8. O-O
d5 9. Qc2 Nbd7 10. a4 O-O 11. Rd1 Bd6 12. Be1 Qe7 13. Nbd2 Rfc8 14. e4 Bb4 15.
e5 Ne8 16. Nf1 Bxe1 17. Rxe1 Bb7 18. cxd5 cxd5 19. Qd2 a5 20. Ne3 Nb8 21. Bf1
Ba6 22. Rec1 1/2-1/2

[Event "BL 1112 OSG Baden-Baden - Turm Emsdetten"]
[Site "Bremen"]
[Date "2012.03.18"]
[Round "13.2"]
[White "Svidler, Peter"]
[Black "Mchedlishvili, Mikheil"]
[Result "1/2-1/2"]
[WhiteElo "2740"]
[BlackElo "2623"]
[PlyCount "47"]
[EventDate "2011.10.14"]

1. e4 d6 2. d4 Nf6 3. Nc3 e5 4. Nf3 Nbd7 5. Bc4 Be7 6. O-O O-O 7. Re1 a6 8. a4
b6 9. Ne2 Bb7 10. Ng3 Nxe4 11. Nxe4 d5 12. Bxd5 Bxd5 13. dxe5 Nxe5 14. Nxe5
Bxe4 15. Qxd8 Raxd8 16. Bf4 f5 17. Nc6 Bxc6 18. Rxe7 Rf7 19. Rxc7 Rxc7 20. Bxc7
Rd2 21. Rc1 Be4 22. Bxb6 Bxc2 23. a5 Rd1+ 24. Rxd1 1/2-1/2

[Event "BL 1112 OSG Baden-Baden - Turm Emsdetten"]
[Site "Bremen"]
[Date "2012.03.18"]
[Round "13.4"]
[White "Shirov, Alexei"]
[Black "Ipatov, Alexander"]
[Result "1/2-1/2"]
[WhiteElo "2713"]
[BlackElo "2591"]
[PlyCount "110"]
[EventDate "2011.10.14"]

1. e4 c6 2. d4 d5 3. e5 Bf5 4. Be3 e6 5. Nd2 Nd7 6. f4 Nh6 7. Be2 Ng4 8. Nf1
Nxe3 9. Nxe3 Be4 10. Bf3 Bg6 11. Ne2 Be7 12. O-O O-O 13. Bg4 f5 14. Bf3 h5 15.
c4 dxc4 16. Nxc4 Nb6 17. Qb3 Bf7 18. Rfd1 g6 19. Rac1 Rc8 20. a4 Rb8 21. Nxb6
Qxb6 22. Qxb6 axb6 23. Rd3 Ra8 24. Rc4 Ra6 25. Nc3 Rfa8 26. Kf2 Kf8 27. Bd1 Be8
28. Bb3 Bd7 29. Ne2 Ra5 30. Nc3 Ke8 31. Nb1 b5 32. axb5 Rxb5 33. Nd2 Ra1 34.
Rc2 Bh4+ 35. g3 Be7 36. Nf3 Bd8 37. Nd2 Be7 38. Nc4 Rb4 39. Nd6+ Kf8 40. Rcd2
Bd8 41. h3 Rc1 42. Bd1 h4 43. g4 c5 44. gxf5 gxf5 45. Rc3 Rxd1 46. Rxd1 cxd4
47. Rcd3 Rxb2+ 48. R1d2 Rb4 49. Ke2 Bb6 50. Ra3 Bc6 51. Ra8+ Kg7 52. Ne8+ Kh6
53. Nd6 Kg7 54. Ne8+ Kh6 55. Nd6 Kg7 1/2-1/2

[Event "BL 1112 OSG Baden-Baden - Turm Emsdetten"]
[Site "Bremen"]
[Date "2012.03.18"]
[Round "13.5"]
[White "Swiercz, Dariusz"]
[Black "Bacrot, Etienne"]
[Result "1/2-1/2"]
[WhiteElo "2585"]
[BlackElo "2705"]
[PlyCount "67"]
[EventDate "2011.10.14"]

1. e4 g6 2. d4 Bg7 3. Nc3 d6 4. Bg5 a6 5. f4 b5 6. Nf3 Bb7 7. Bd3 Nd7 8. e5 c5
9. Be4 Bxe4 10. Nxe4 Qa5+ 11. c3 cxd4 12. Qxd4 dxe5 13. Qd5 Rd8 14. O-O-O Ngf6
15. Bxf6 Bxf6 16. Qc6 b4 17. fxe5 Bxe5 18. Nxe5 Qxe5 19. Nd6+ exd6 20. Rhe1 O-O
21. Rxe5 Nxe5 22. Qxa6 bxc3 23. bxc3 Rc8 24. Qxd6 Rxc3+ 25. Kb1 Re3 26. Qc7 Kg7
27. a4 Ra8 28. a5 Rb3+ 29. Kc2 Rb5 30. Ra1 Ra6 31. Kd1 Rd5+ 32. Ke1 Nc6 33. Qb7
Re5+ 34. Kf2 1/2-1/2

[Event "BL 1112 OSG Baden-Baden - Turm Emsdetten"]
[Site "Bremen"]
[Date "2012.03.18"]
[Round "13.6"]
[White "Naiditsch, Arkadij"]
[Black "Brandenburg, Daan"]
[Result "1/2-1/2"]
[WhiteElo "2707"]
[BlackElo "2522"]
[PlyCount "109"]
[EventDate "2011.10.14"]

1. Nf3 d5 2. g3 Nf6 3. Bg2 e6 4. O-O Be7 5. d3 O-O 6. Nbd2 c5 7. e4 Nc6 8. e5
Nd7 9. Re1 b5 10. Nf1 a5 11. h4 b4 12. N1h2 Ba6 13. Bf4 Rc8 14. Bh3 Kh8 15. Ng5
Qe8 16. Rc1 Nb6 17. Ng4 Na4 18. Rb1 c4 19. dxc4 Bxc4 20. Ne3 Nc5 21. Nxc4 dxc4
22. Qh5 Bxg5 23. Bxg5 Nd4 24. Qd1 Qd7 25. c3 Nc6 26. Qd6 Qxd6 27. exd6 h6 28.
cxb4 axb4 29. Be3 Nd3 30. Red1 Rfd8 31. b3 Rxd6 32. bxc4 Nce5 33. c5 Rd7 34.
Bf1 Nxc5 35. Rdc1 Rdc7 36. Rxb4 Ned3 37. Bxd3 Nxd3 38. Rxc7 Rxc7 39. Rb8+ Kh7
40. a4 Rc4 41. Rb3 Nb4 42. a5 Nc2 43. Bd2 Ra4 44. Kg2 Ra2 45. Rb7 Kg8 46. Ra7
Nd4 47. Bc3 Nb5 48. Ra8+ Kh7 49. Be1 Kg6 50. g4 h5 51. Rb8 Nd4 52. Bc3 e5 53.
g5 f6 54. gxf6 gxf6 55. Bxd4 1/2-1/2

[Event "BL 1112 OSG Baden-Baden - Turm Emsdetten"]
[Site "Bremen"]
[Date "2012.03.18"]
[Round "13.7"]
[White "Janssen, Ruud"]
[Black "Nielsen, Peter-Heine"]
[Result "0-1"]
[WhiteElo "2498"]
[BlackElo "2687"]
[PlyCount "82"]
[EventDate "2011.10.14"]

1. c4 e6 2. Nc3 d5 3. d4 c6 4. e3 Nf6 5. Nf3 Nbd7 6. Qc2 Bd6 7. Be2 O-O 8. O-O
dxc4 9. Bxc4 b5 10. Bd3 Bb7 11. Bd2 Rc8 12. Ng5 h6 13. Nce4 Bxh2+ 14. Kxh2 hxg5
15. Nc5 Nxc5 16. dxc5 Qc7+ 17. Kg1 Rcd8 18. Rad1 g4 19. f4 gxf3 20. Rxf3 Rd5
21. Be1 Rfd8 22. Bg3 e5 23. Rff1 Qe7 24. Bh4 e4 25. Be2 Qe5 26. Bxf6 gxf6 27.
b4 Bc8 28. Rxd5 Rxd5 29. Rf4 f5 30. Qc1 Be6 31. a3 Kf8 32. Rf1 Qg3 33. Qc3 Ke7
34. Rf2 Rd8 35. Bf1 Rd1 36. Qc2 Re1 37. Re2 Bc4 38. Rxe1 Qxe1 39. Qf2 Qxf2+ 40.
Kxf2 Bxf1 41. Kxf1 Kf6 0-1

[Event "BL 1112 OSG Baden-Baden - Turm Emsdetten"]
[Site "Bremen"]
[Date "2012.03.18"]
[Round "13.8"]
[White "Kasimdzhanov, Rustam"]
[Black "Pruijssers, Roeland"]
[Result "1-0"]
[WhiteElo "2678"]
[BlackElo "2475"]
[PlyCount "117"]
[EventDate "2011.10.14"]

1. d4 f5 2. Nf3 Nf6 3. g3 g6 4. Bg2 Bg7 5. O-O O-O 6. c4 d6 7. Nc3 Qe8 8. b3
Na6 9. Ba3 c6 10. Qd3 Rb8 11. e4 fxe4 12. Nxe4 Nxe4 13. Qxe4 Bf5 14. Qe3 Qd7
15. Rfe1 Rbe8 16. Rac1 Nc7 17. Bb2 Bg4 18. Ng5 h6 19. Ne4 g5 20. Bc3 Rf7 21. d5
Bxc3 22. dxc6 bxc6 23. Rxc3 Ne6 24. b4 a5 25. bxa5 c5 26. h3 Bf5 27. g4 Bxe4
28. Qxe4 Nd4 29. a6 Kg7 30. Ra3 Qa7 31. Rb1 e6 32. Rb7 Rxb7 33. Qxb7+ Re7 34.
Qxa7 Rxa7 35. Bb7 Kf6 36. Kf1 Ke7 37. h4 Nc2 38. Rh3 Nb4 39. hxg5 hxg5 40. Bc8
Ra8 41. Rh7+ Kf6 42. Bb7 Ra7 43. Rh6+ Kf7 44. Bc8 Ra8 45. Bxe6+ Kg7 46. Rh5
Rxa6 47. Bc8 Rxa2 48. Rxg5+ Kf6 49. Rf5+ Kg6 50. Kg2 Nd3 51. Kg3 Ne5 52. Be6
Rd2 53. f3 Rd4 54. Bd5 Kg7 55. f4 Rd3+ 56. Kh4 Ng6+ 57. Kg5 Nh8 58. Rf6 Rd4 59.
f5 1-0

[Event "BL 1112 SG Turm Trier - Werder Bremen"]
[Site "Bremen"]
[Date "2012.03.18"]
[Round "13.1"]
[White "Eljanov, Pavel"]
[Black "Cyborowski, Lukasz"]
[Result "1/2-1/2"]
[WhiteElo "2683"]
[BlackElo "2543"]
[PlyCount "96"]
[EventDate "2011.10.14"]

1. d4 Nf6 2. c4 e6 3. Nc3 d5 4. cxd5 Nxd5 5. e4 Nxc3 6. bxc3 c5 7. Nf3 cxd4 8.
cxd4 Bb4+ 9. Bd2 Bxd2+ 10. Qxd2 O-O 11. Rc1 Nc6 12. Bb5 Bd7 13. O-O Ne5 14. Be2
Nxf3+ 15. Bxf3 Rc8 16. d5 exd5 17. exd5 Qf6 18. d6 Rxc1 19. Rxc1 b6 20. h3 Rd8
21. Rc7 Qa1+ 22. Rc1 Qf6 23. Bb7 g6 24. Rc4 Be6 25. Rc1 Qe5 26. Rd1 Qc5 27. Bf3
b5 28. Bg4 f5 29. Bf3 b4 30. h4 b3 31. axb3 Bxb3 32. Rb1 Rxd6 33. Qh6 Rb6 34.
Rc1 Qf8 35. Qg5 Qf6 36. Qh6 Rb8 37. Rb1 Qd6 38. Qg5 a5 39. h5 a4 40. Qe3 Rd8
41. h6 Qf6 42. Rc1 Bf7 43. Rc6 Qa1+ 44. Rc1 Qf6 45. Rc6 Qh4 46. Ra6 Rb8 47. Bb7
Rd8 48. Bf3 Rb8 1/2-1/2

[Event "BL 1112 SG Turm Trier - Werder Bremen"]
[Site "Bremen"]
[Date "2012.03.18"]
[Round "13.2"]
[White "Gonda, Laszlo"]
[Black "Efimenko, Zahar"]
[Result "1-0"]
[WhiteElo "2520"]
[BlackElo "2703"]
[PlyCount "69"]
[EventDate "2011.10.14"]

1. Nf3 c5 2. c4 Nc6 3. Nc3 g6 4. g3 Bg7 5. Bg2 d6 6. O-O e6 7. a3 Nge7 8. b4
O-O 9. Rb1 b6 10. e3 Bb7 11. Qb3 Qd7 12. Bb2 f5 13. Ne2 e5 14. d4 e4 15. Nd2
cxb4 16. axb4 d5 17. f3 Nd8 18. fxe4 dxe4 19. d5 Bxb2 20. Qxb2 Rf7 21. Bxe4
fxe4 22. Rxf7 Nxf7 23. Nxe4 Qf5 24. Nf6+ Kh8 25. Ng4+ Kg8 26. h3 Qg5 27. Nf4
Bc8 28. Ne6 Bxe6 29. dxe6 h5 30. Rf1 Ne5 31. Qxe5 Qxe5 32. Nxe5 a5 33. Rf7 Nf5
34. Nd7 Kh8 35. Nf6 1-0

[Event "BL 1112 SG Turm Trier - Werder Bremen"]
[Site "Bremen"]
[Date "2012.03.18"]
[Round "13.3"]
[White "Fressinet, Laurent"]
[Black "Gordon, Stephen"]
[Result "1-0"]
[WhiteElo "2696"]
[BlackElo "2535"]
[PlyCount "53"]
[EventDate "2011.10.14"]

1. Nf3 Nf6 2. c4 e6 3. g3 d5 4. Bg2 dxc4 5. Qa4+ c6 6. Qxc4 b5 7. Qb3 Bb7 8.
O-O Nbd7 9. d4 a6 10. Ne5 Nxe5 11. dxe5 Nd5 12. Nc3 Qb8 13. a4 b4 14. Ne4 Qxe5
15. Be3 a5 16. Rfd1 Qc7 17. Bd4 e5 18. Bc5 Bxc5 19. Nxc5 Rd8 20. Qc2 Bc8 21.
Nb3 Qb6 22. Nxa5 Qxa5 23. Qxc6+ Ke7 24. Rxd5 Rxd5 25. Bxd5 Ba6 26. Bb3 Rd8 27.
Qf3 1-0

[Event "BL 1112 SG Turm Trier - Werder Bremen"]
[Site "Bremen"]
[Date "2012.03.18"]
[Round "13.4"]
[White "Jaracz, Pawel"]
[Black "McShane, Luke James"]
[Result "0-1"]
[WhiteElo "2558"]
[BlackElo "2671"]
[PlyCount "134"]
[EventDate "2011.10.14"]

1. d4 Nf6 2. c4 g6 3. g3 Bg7 4. Bg2 O-O 5. Nc3 d6 6. Nf3 Nc6 7. O-O Rb8 8. Bf4
a6 9. Rc1 Bd7 10. Nd5 Nh5 11. Be3 e6 12. Nc3 Ne7 13. Qd3 h6 14. Bd2 g5 15. e4
Ng6 16. h3 Nf6 17. Rfe1 g4 18. hxg4 Nxg4 19. Nd1 h5 20. Bg5 Qe8 21. c5 Bb5 22.
Qa3 Qd7 23. Bh3 f5 24. cxd6 cxd6 25. Nc3 Bc4 26. Bg2 b5 27. Qb4 f4 28. b3 fxg3
29. fxg3 a5 30. Qa3 b4 31. Qxa5 Bd3 32. Ne2 Bxe4 33. Rc7 Qb5 34. Qxb5 Rxb5 35.
Nf4 Bxf3 36. Nxe6 Bh8 37. Nxf8 Bxd4+ 38. Kh1 Nf2+ 39. Kh2 Ng4+ 40. Kh1 Nf2+ 41.
Kh2 Nxf8 42. Bf4 Ng4+ 43. Kh3 Nf2+ 44. Kh2 Ng4+ 45. Kh3 Bxg2+ 46. Kxg2 Be5 47.
Bxe5 dxe5 48. Rh1 Nf6 49. Rhc1 N8d7 50. R1c6 Rd5 51. Rb7 Rd2+ 52. Kf1 Kf7 53.
Rxb4 Rxa2 54. Rb7 Rd2 55. b4 Kg6 56. Ke1 Rd3 57. b5 Kf5 58. b6 Rb3 59. Rd6 Ke4
60. Kd2 Kf3 61. Kc2 Rb5 62. Rd3+ Kf2 63. Ra7 e4 64. Rc3 Rxb6 65. Ra2 e3 66. Ra5
Rd6 67. Rf5+ Ke2 0-1